书目信息 |
| 题名: |
独自上场
|
|
| 作者: | 李娜 著 | |
| 分册: | ||
| 出版信息: | 北京 中信出版社 2012.08 |
|
| 页数: | 19,309页 | |
| 开本: | 23cm | |
| 丛书名: | ||
| 单 册: | ||
| 中图分类: | K825.47=76 | |
| 科图分类: | ||
| 主题词: | 运动员--自传--中国--现代 , 运动员 | |
| 电子资源: | ||
| ISBN: | 978-7-5086-3389-3 | |
| 000 | 00921nam0 2200265 450 | |
| 001 | 012012087958 | |
| 005 | 20130608091830.85 | |
| 010 | @a978-7-5086-3389-3@dCNY39.00 | |
| 035 | @a(SG11)012012000498 | |
| 100 | @a20120813d2012 em y0chiy50 ea | |
| 101 | 0 | @achi |
| 102 | @aCN@b110000 | |
| 105 | @aaf z 000ya | |
| 106 | @ar | |
| 200 | 1 | @a独自上场@9du zi shang chang@f李娜著 |
| 210 | @a北京@c中信出版社@d2012.08 | |
| 215 | @a19,309页@c图,照片@d23cm | |
| 330 | @a本书中,李娜亲自讲述了自己30年的人生故事,与众不同的成才之路、跌宕起伏的赛场传奇、不离不弃的爱情誓言、以及那些不为人知的酸甜苦辣,当然还有站在巅峰之上的人生感悟,书中独家披露了许多不为人知或者被人误解的细节,给读者展示了最为丰富和真实的李娜。 | |
| 606 | 0 | @a运动员@x自传@y中国@z现代 |
| 606 | 0 | @a运动员 |
| 610 | 0 | @a李娜 |
| 690 | @aK825.47=76@v5 | |
| 701 | 0 | @a李娜@9li na@4著 |
| 801 | 0 | @aCN@bRENTIAN@c20120813 |
| 905 | @dK825.47=76@e748LN | |
| 独自上场/李娜著.-北京:中信出版社,2012.08 |
| 19,309页:图,照片;23cm |
| ISBN 978-7-5086-3389-3:CNY39.00 |
| 本书中,李娜亲自讲述了自己30年的人生故事,与众不同的成才之路、跌宕起伏的赛场传奇、不离不弃的爱情誓言、以及那些不为人知的酸甜苦辣,当然还有站在巅峰之上的人生感悟,书中独家披露了许多不为人知或者被人误解的细节,给读者展示了最为丰富和真实的李娜。 |
| ● |
| 相关链接 |
|
|
|
|
正题名:独自上场
索取号:K825.47=76/748LN
 
预约/预借
| 序号 | 登录号 | 条形码 | 馆藏地/架位号 | 状态 | 备注 |
| 1 | 0543522 | 205435224 | 第二样本阅览室/ [索取号:K825.47=76/748LN] | 在馆 | |
| 2 | 0543523 | 205435233 | 第二借阅区/ [索取号:K825.47=76/748LN] | 在馆 | |
| 3 | 0543524 | 205435242 | 第二借阅区/ [索取号:K825.47=76/748LN] | 在馆 | |
| 4 | 0543525 | 205435251 | 第二借阅区/ [索取号:K825.47=76/748LN] | 在馆 | |
| 5 | 0543526 | 205435260 | 第二借阅区/ [索取号:K825.47=76/748LN] | 在馆 |